To design energy efficient routing scheme based on probabilistic clustering approach in IOT (Record no. 393799)
[ view plain ]
| 000 -LEADER | |
|---|---|
| fixed length control field | 00511nam a22001697a 4500 |
| 005 - DATE & TIME | |
| control field | 20251103114627.0 |
| 008 - FIXED-LENGTH DATA ELEMENTS--GENERAL INFORMATION | |
| fixed length control field | 251103b |||||||| |||| 00| 0 eng d |
| 040 ## - CATALOGING SOURCE | |
| Original cataloging agency | VIVEKANANDA LIBRARY |
| 082 ## - DDC NUMBER | |
| Classification number | 621.381 |
| Book Number | A47T |
| 100 ## - MAIN ENTRY--PERSONAL NAME | |
| Personal name | Ahlawat, Bhawna |
| 245 ## - TITLE STATEMENT | |
| Title | To design energy efficient routing scheme based on probabilistic clustering approach in IOT |
| 260 ## - PUBLICATION, DISTRIBUTION, ETC. (IMPRINT) | |
| Name of publisher, distributor, etc | Department of UIET, M D University, Rohtak |
| Date of publication, distribution, etc | 2024 |
| 300 ## - PHYSICAL DESCRIPTION | |
| Pages | xviii, 130 |
| 650 ## - Subject | |
| Subject | Electronics Engineering |
| 700 ## - Added Entry Personal Name | |
| Added Entry Personal Name | Sangwan, Anil |
| 942 ## - ADDED ENTRY ELEMENTS (KOHA) | |
| Koha item type | Thesis |
| Withdrawn status | Lost status | Source of classification or shelving scheme | Damaged status | Not for loan | Location (home branch) | Sublocation or collection (holding branch) | Shelving location | Date acquired | Koha issues (times borrowed) | Koha full call number | Accession No. | Koha date last seen | Copy number | Koha item type |
|---|---|---|---|---|---|---|---|---|---|---|---|---|---|---|
| Dewey Decimal Classification | VIVEKANANDA LIBRARY | VIVEKANANDA LIBRARY | Vivekananda Library | 03/11/2025 | 621.381 A47T | 411163 | 03/11/2025 | R | Thesis |
